Представление документа в формате MARC21

Поле Инд. ПП Название Значение
Тип записи m
Библиографический уровень m
001 Контрольный номер ee304442875c4039ba7a26fdb12d2b7c
005 Дата корректировки 20220111162653.6
008 Кодируемые данные 191216|||||||||ru |||||||||||||||||rus||
040 a Служба первич. каталог. DE
b Код языка каталог. rus
e Правила каталог. PSBO
084 a Индекс другой классификации/Индекс ББК 67+68.9
203 a Вид содержания Текст
c Тип средства электронный
245 10 a Заглавие Основы правовых знаний в различных формах жизнедеятельности
c Ответственность Министерство науки и высшего образования Российской Федерации, Федеральное государственное бюджетное образовательное учреждение высшего образования, "Мурманский государственный технический университет", Кафедра техносферной безопасности ; составитель С. Н. Судак
b Продолж. заглавия методические указания к самостоятельной и контрольной работам по дисциплине "Безопасность жизнедеятельности" для направлений 16.03.03 "Холодильная и криогенная техника и системы жизнеобеспечения" и 15.03.02 "Технологические машины и оборудование"
h Физич. носитель Электронный ресурс
256 a Характеристики компьютерного файла Электрон. текстовые дан. (1 файл : 297 Кб)
260 a Место издания Мурманск
b Издательство МГТУ
c Дата издания 2019
300 a Объем 39 с.
500 a Примечание Доступ из локальной сети Мурманского государственного технического университета. - Загл. с титул. экрана
500 a Примечание URL: https://elib.mauniver.ru/2019/M_19_205.pdf
583 x Служебное примечание Полнотекстовые документы
x Служебное примечание Труды преподавателей МГТУ
x Служебное примечание Без печатного варианта
z Открытое примечание 15.03.02
z Открытое примечание 16.03.03
653 0_ a Ключевые слова Методические указания
a Ключевые слова Безопасность жизнедеятельности
a Ключевые слова Трудовая деятельность
a Ключевые слова Физиология труда
a Ключевые слова Техносферная безопасность
a Ключевые слова Производственная санитария
a Ключевые слова Гигиеническое нормирование
a Ключевые слова Охрана труда
a Ключевые слова Условия труда
a Ключевые слова Страхование здоровья
a Ключевые слова СНиП
a Ключевые слова СанПиН
a Ключевые слова ГОСТы
a Ключевые слова Труды преподавателей МГТУ
a Ключевые слова Электронные версии
700 12 a Другие авторы Судак С. Н.
e Роль лиц Составитель
856 40 u URL https://elib.mauniver.ru/2019/M_19_205.pdf
901 t Тип документа m
952 c Вид литературы учебно-методическое издание